000 00213nam a2200097Ia 4500
008 240331s9999 xx 000 0 und d
082 _bROB
100 _aRoberts, J. L
245 0 _aNotes from underground
942 _cL
999 _c3202
_d3202